[Event "CRO Ch seniors"]
[Site "Malinska"]
[Date "2018.11.04"]
[Round "1.1"]
[White "Kostanjsek, Zorko"]
[Black "Martic, Zlatko"]
[Result "1/2-1/2"]
[WhiteElo "2156"]
[BlackElo "2267"]
[PlyCount "55"]
[EventDate "2018.??.??"]

1. e4 c5 2. Nf3 e6 3. d3 Nc6 4. Nbd2 g6 5. g3 Bg7 6. Bg2 Nge7 7. O-O O-O 8. Re1
d5 9. c3 h6 10. exd5 Nxd5 11. Nb3 b6 12. d4 cxd4 13. Nbxd4 Bb7 14. Nxc6 Bxc6
15. Nd4 Rc8 16. Nxc6 Rxc6 17. Qa4 Qc7 18. Bf4 Rc4 19. Bxc7 Rxa4 20. Be5 Bxe5
21. Rxe5 Nf6 22. a3 Rc4 23. Rd1 Rc7 24. Re2 Rfc8 25. h3 Kf8 26. Red2 Ke7 27.
Bf1 Rd7 28. Bb5 1/2-1/2

[Event "CRO Ch seniors"]
[Site "Malinska"]
[Date "2018.11.04"]
[Round "1.2"]
[White "Mandekic, Ivan"]
[Black "Josipovic, Perica"]
[Result "0-1"]
[WhiteElo "2232"]
[BlackElo "2131"]
[PlyCount "108"]
[EventDate "2018.??.??"]

1. c4 Nf6 2. g3 e6 3. Bg2 d5 4. Nf3 Be7 5. O-O O-O 6. d4 Nbd7 7. cxd5 exd5 8.
Nc3 c6 9. Bf4 Re8 10. Re1 Bb4 11. Qb3 Ba5 12. Rad1 Nf8 13. Ne5 Ne6 14. Be3 Bb6
15. Qa4 Nd7 16. Nf3 Nf6 17. a3 h6 18. h3 Nf8 19. Qc2 Bc7 20. Bc1 Bd7 21. Nh4
Qc8 22. Kh2 g5 23. Nf3 Bf5 24. Qb3 Ng6 25. Nd2 Be6 26. Qc2 Nh4 27. Bf1 Nf5 28.
Nf3 Qb8 29. Ne5 Nxd4 30. Rxd4 Bxe5 31. Rdd1 Qc8 32. Bg2 Bf5 33. Qa4 Bg6 34. Kg1
a5 35. e4 Bxc3 36. bxc3 Bxe4 37. f3 Bg6 38. Qd4 Re6 39. h4 c5 40. Qf2 gxh4 41.
Bxh6 hxg3 42. Qxg3 Nh5 43. Qg5 d4 44. Rxe6 Qxe6 45. cxd4 cxd4 46. Rxd4 Qb6 47.
Qe3 Kh7 48. Rd7 Qc6 49. Qd2 Re8 50. Kh2 Re2 51. Qxe2 Qxd7 52. Bd2 Qd6+ 53. f4
Nxf4 54. Qf2 Ne2+ 0-1

[Event "CRO Ch seniors"]
[Site "Malinska"]
[Date "2018.11.04"]
[Round "1.3"]
[White "Samblic, Silvano"]
[Black "Sulc, Damir"]
[Result "1/2-1/2"]
[WhiteElo "2018"]
[BlackElo "2212"]
[PlyCount "70"]
[EventDate "2018.??.??"]

1. e4 c5 2. Nc3 Nc6 3. d3 g6 4. g3 Bg7 5. Bg2 e6 6. f4 Nge7 7. Nf3 O-O 8. O-O
Nd4 9. e5 Nxf3+ 10. Qxf3 d5 11. exd6 Qxd6 12. Ne4 Qc7 13. Be3 Bxb2 14. Rab1 Bd4
15. c3 Bxe3+ 16. Qxe3 Nd5 17. Qxc5 Qxc5+ 18. Nxc5 Nxc3 19. Rb3 Ne2+ 20. Kf2 Nd4
21. Rbb1 Rb8 22. Nxb7 Bd7 23. Nc5 Bb5 24. Rfc1 Rfd8 25. g4 Bc6 26. Rxb8 Rxb8
27. Bxc6 Nxc6 28. Nxe6 Nb4 29. Nc5 Nxa2 30. Rc2 Nb4 31. Rb2 a5 32. Ke2 Rd8 33.
Ke3 Rd5 34. d4 Nc6 35. Rd2 f5 1/2-1/2

[Event "CRO Ch seniors"]
[Site "Malinska"]
[Date "2018.11.04"]
[Round "1.4"]
[White "Dusper, Hrvoje"]
[Black "Ivanovic, Zeljko"]
[Result "1-0"]
[WhiteElo "2201"]
[BlackElo "2004"]
[PlyCount "47"]
[EventDate "2018.??.??"]

1. c4 Nf6 2. Nc3 d5 3. cxd5 Nxd5 4. e4 Nxc3 5. bxc3 g6 6. d4 Bg7 7. Bc4 O-O 8.
Ne2 c5 9. O-O Nc6 10. Be3 Qc7 11. dxc5 Ne5 12. Bb3 Rd8 13. Qc2 Ng4 14. Bf4 Qxc5
15. h3 Ne5 16. Rad1 Rd6 17. Rxd6 exd6 18. Be3 Qc7 19. Nf4 Nc4 20. Nd5 Nxe3 21.
Nxc7 Nxc2 22. Nxa8 Na3 23. Nc7 Bxc3 24. Nd5 1-0

[Event "CRO Ch seniors"]
[Site "Malinska"]
[Date "2018.11.04"]
[Round "1.5"]
[White "Deris, Antun"]
[Black "Fucak, Emilio Milko"]
[Result "0-1"]
[WhiteElo "1979"]
[BlackElo "2199"]
[PlyCount "74"]
[EventDate "2018.??.??"]

1. e4 e6 2. Nc3 c5 3. Nf3 Nc6 4. d4 cxd4 5. Nxd4 Qc7 6. Be2 Nf6 7. O-O a6 8.
Kh1 Bb4 9. Nxc6 bxc6 10. Bd2 O-O 11. Bd3 d5 12. Nxd5 Nxd5 13. exd5 Bxd2 14.
Qxd2 cxd5 15. f4 g6 16. Rae1 Bd7 17. Rf3 Bb5 18. f5 exf5 19. Bxf5 Rae8 20. Rg1
Qe5 21. Bd3 Qxb2 22. Bxb5 Qxb5 23. Rd3 Re5 24. h3 Qc4 25. a3 Rfe8 26. Qd1 Rf5
27. Rd4 Qc5 28. Qd3 h5 29. Rd1 Ree5 30. Rb4 Rf2 31. c3 Re3 32. Qxa6 Qxc3 33.
Qa8+ Kg7 34. Qxd5 Re1+ 35. Rxe1 Qxe1+ 36. Kh2 Rf1 37. Qd4+ Kh7 0-1

[Event "CRO Ch seniors"]
[Site "Malinska"]
[Date "2018.11.04"]
[Round "1.6"]
[White "Mravunac, Damir"]
[Black "Sulc, Gordana"]
[Result "1-0"]
[WhiteElo "2196"]
[BlackElo "1856"]
[PlyCount "71"]
[EventDate "2018.??.??"]

1. Nf3 Nf6 2. b3 c5 3. Bb2 e6 4. e3 b6 5. a4 Bb7 6. a5 bxa5 7. Bb5 Be7 8. O-O
O-O 9. d3 a6 10. Ba4 Nd5 11. Nbd2 Nb6 12. Ne5 f5 13. f4 d6 14. Nec4 Nxa4 15.
Rxa4 Nc6 16. Qa1 Bf6 17. Bxf6 Rxf6 18. Qc3 Rg6 19. Nf3 Rc8 20. g3 h6 21. e4 Nd4
22. Nxd4 cxd4 23. Qxd4 d5 24. Ne5 Rf6 25. exf5 Rxc2 26. fxe6 Rxe6 27. b4 Qb6
28. bxa5 Qxd4+ 29. Rxd4 Ra2 30. Rb1 Bc6 31. Rb6 Rxe5 32. fxe5 Ra1+ 33. Kf2 Ra2+
34. Ke3 Bb5 35. Rxd5 Kf7 36. Rc5 1-0

[Event "CRO Ch seniors"]
[Site "Malinska"]
[Date "2018.11.04"]
[Round "1.7"]
[White "Causevic, Miro"]
[Black "Brigljevic, Milan"]
[Result "0-1"]
[WhiteElo "1689"]
[BlackElo "2161"]
[PlyCount "58"]
[EventDate "2018.??.??"]

1. e4 c5 2. Nc3 Nc6 3. f4 e6 4. Nf3 a6 5. a4 d5 6. e5 Nh6 7. Ne2 Nf5 8. c3 d4
9. Ng3 Be7 10. Ne4 O-O 11. Bc4 Rb8 12. Qe2 Na5 13. Ba2 d3 14. Qf2 c4 15. g4 Nh4
16. Nd4 Qd5 17. Ng3 Bc5 18. Rf1 f6 19. Ngf5 Ng2+ 20. Kd1 exf5 21. Rg1 Nxf4 22.
exf6 Bxd4 23. cxd4 Nh3 24. Qg3 Nxg1 25. fxg7 Re8 26. Qxd3 cxd3 27. Bxd5+ Be6
28. Bxe6+ Rxe6 29. b4 Nf3 0-1

[Event "CRO Ch seniors"]
[Site "Malinska"]
[Date "2018.11.05"]
[Round "2.1"]
[White "Brigljevic, Milan"]
[Black "Dusper, Hrvoje"]
[Result "1/2-1/2"]
[WhiteElo "2161"]
[BlackElo "2201"]
[PlyCount "62"]
[EventDate "2018.??.??"]
[WhiteClock "1:30:00"]
[BlackClock "1:30:00"]

1. e4 c5 2. c3 d5 3. exd5 Qxd5 4. d4 e6 5. Nf3 Nf6 6. Na3 Nc6 7. Be2 cxd4 8.
Nb5 Qd8 9. Nbxd4 Bd7 10. O-O a6 11. Nxc6 Bxc6 12. Ne5 Qxd1 13. Rxd1 Bc5 14.
Nxc6 bxc6 15. Bf3 Rc8 16. Bg5 Ke7 17. Rd3 Rhd8 18. Rad1 Rxd3 19. Rxd3 h6 20.
Bh4 a5 21. Kf1 Bd6 22. Bxf6+ gxf6 23. Rd4 Rb8 24. b3 c5 25. Rh4 f5 26. Ra4 Bc7
27. Rc4 Bd6 28. g3 f4 29. Ra4 Bc7 30. Rc4 Bd6 31. Ra4 Bc7 1/2-1/2

[Event "CRO Ch seniors"]
[Site "Malinska"]
[Date "2018.11.05"]
[Round "2.2"]
[White "Fucak, Emilio Milko"]
[Black "Mravunac, Damir"]
[Result "1/2-1/2"]
[WhiteElo "2199"]
[BlackElo "2196"]
[PlyCount "88"]
[EventDate "2018.??.??"]
[WhiteClock "1:30:00"]
[BlackClock "1:29:00"]

1. Nf3 e6 2. d4 f5 3. g3 b6 4. Bg2 Bb7 5. O-O Nf6 6. c4 a5 7. Nc3 Bb4 8. Qc2
O-O 9. Rd1 Bxc3 10. Qxc3 h6 11. b3 d6 12. a3 Qe8 13. Bb2 Be4 14. c5 Nd5 15. Qc4
b5 16. Qc1 Nd7 17. Qd2 Qh5 18. Rac1 N7f6 19. cxd6 cxd6 20. Rc6 Ne3 21. Qxe3
Bxc6 22. Qxe6+ Kh8 23. d5 Bb7 24. Qxd6 Rad8 25. Qb6 Rxd5 26. Rxd5 Bxd5 27. Qxb5
f4 28. Bxf6 Rxf6 29. Qxa5 fxg3 30. hxg3 Qf5 31. b4 g5 32. Qd8+ Rf8 33. Qd6 Kg7
34. Qe7+ Kg8 35. Qe3 Qf6 36. Nh2 Bxg2 37. Kxg2 Qc6+ 38. f3 Re8 39. Qd3 h5 40.
b5 Qe6 41. Kf2 Qb6+ 42. Kg2 Qe6 43. Kf2 Qb6+ 44. Kg2 Qe6 1/2-1/2

[Event "CRO Ch seniors"]
[Site "Malinska"]
[Date "2018.11.05"]
[Round "2.3"]
[White "Josipovic, Perica"]
[Black "Kostanjsek, Zorko"]
[Result "1/2-1/2"]
[WhiteElo "2131"]
[BlackElo "2156"]
[PlyCount "47"]
[EventDate "2018.??.??"]
[WhiteClock "1:29:00"]
[BlackClock "1:30:00"]

1. d4 Nf6 2. Nf3 c5 3. e3 g6 4. c3 Bg7 5. Nbd2 cxd4 6. exd4 O-O 7. Be2 b6 8.
O-O Bb7 9. Ne5 d6 10. Nd3 Nbd7 11. Re1 Qc7 12. Bf3 Rfe8 13. Ne4 Nxe4 14. Bxe4
Bxe4 15. Rxe4 e5 16. dxe5 dxe5 17. Qc2 a5 18. Re2 h6 19. f3 Re6 20. Be3 Rae8
21. Nf2 Kh7 22. Rd1 R8e7 23. Qb3 Qc6 24. Qd5 1/2-1/2

[Event "CRO Ch seniors"]
[Site "Malinska"]
[Date "2018.11.05"]
[Round "2.4"]
[White "Martic, Zlatko"]
[Black "Samblic, Silvano"]
[Result "1/2-1/2"]
[WhiteElo "2267"]
[BlackElo "2018"]
[PlyCount "45"]
[EventDate "2018.??.??"]
[WhiteClock "1:30:00"]
[BlackClock "1:29:00"]

1. d4 d5 2. c4 e6 3. Nc3 Nf6 4. cxd5 exd5 5. Bg5 Be7 6. Nf3 h6 7. Bh4 c6 8. e3
Bf5 9. Bd3 Bxd3 10. Qxd3 Nbd7 11. O-O O-O 12. Rab1 Ne4 13. Bxe7 Qxe7 14. b4 a6
15. Na4 b5 16. Nc5 Nexc5 17. bxc5 f5 18. Rbe1 a5 19. Nd2 Qg5 20. h3 Rae8 21.
Kh1 Re6 22. f4 Qg3 23. Nf3 1/2-1/2

[Event "CRO Ch seniors"]
[Site "Malinska"]
[Date "2018.11.05"]
[Round "2.5"]
[White "Sulc, Damir"]
[Black "Mandekic, Ivan"]
[Result "1/2-1/2"]
[WhiteElo "2212"]
[BlackElo "2232"]
[PlyCount "108"]
[EventDate "2018.??.??"]
[WhiteClock "1:30:00"]
[BlackClock "1:29:00"]

1. e4 c6 2. d4 d5 3. Nc3 dxe4 4. Nxe4 Bf5 5. Ng3 Bg6 6. h4 h6 7. h5 Bh7 8. Nf3
Nd7 9. Bd3 Bxd3 10. Qxd3 e6 11. Bd2 Ngf6 12. O-O-O Be7 13. Ne4 Nxe4 14. Qxe4
Nf6 15. Qe2 Qd5 16. Kb1 a5 17. Ne5 b5 18. f3 b4 19. g4 Qb5 20. Rhe1 Qxe2 21.
Rxe2 Ra6 22. Rh1 Nd5 23. f4 Bd6 24. g5 Bxe5 25. dxe5 Rb6 26. Kc1 Rb5 27. gxh6
gxh6 28. Rg1 Ne7 29. Be3 Nf5 30. Bf2 Ke7 31. Rd2 Rc8 32. Kd1 Rd5 33. Ke2 c5 34.
Rgd1 Rxd2+ 35. Rxd2 c4 36. Rd1 a4 37. Kf3 Ke8 38. Ke4 b3 39. cxb3 cxb3 40. axb3
axb3 41. Rd2 Rc4+ 42. Kf3 Rc2 43. Ke2 Ng7 44. Rxc2 bxc2 45. Kd2 c1=Q+ 46. Kxc1
Nxh5 47. Be3 Ng3 48. Kd2 Kd7 49. Bf2 Nf5 50. Ke2 Kc6 51. b4 Kb5 52. Bc5 Kc4 53.
Kf3 Kd5 54. Kg4 Kc4 1/2-1/2

[Event "CRO Ch seniors"]
[Site "Malinska"]
[Date "2018.11.05"]
[Round "2.6"]
[White "Ivanovic, Zeljko"]
[Black "Causevic, Miro"]
[Result "1-0"]
[WhiteElo "2004"]
[BlackElo "1689"]
[PlyCount "55"]
[EventDate "2018.??.??"]
[WhiteClock "1:30:00"]
[BlackClock "1:29:00"]

1. e4 c5 2. Nf3 Nc6 3. Nc3 d6 4. d4 cxd4 5. Nxd4 Bd7 6. g3 Qc8 7. Nd5 h6 8. Nb5
Kd8 9. Be3 e6 10. Ndc3 Qb8 11. Qd2 Ne5 12. Be2 b6 13. O-O-O a6 14. Nxd6 Bxd6
15. Qxd6 Nf6 16. Bxb6+ Kc8 17. f4 Qxd6 18. Rxd6 Nc6 19. Rhd1 Kb7 20. Be3 Rhd8
21. e5 Nd5 22. Nxd5 exd5 23. R1xd5 Be6 24. Rxd8 Nxd8 25. Rd6 Nc6 26. Bf3 Rc8
27. a4 a5 28. b3 1-0

[Event "CRO Ch seniors"]
[Site "Malinska"]
[Date "2018.11.05"]
[Round "2.7"]
[White "Sulc, Gordana"]
[Black "Deris, Antun"]
[Result "1/2-1/2"]
[WhiteElo "1856"]
[BlackElo "1979"]
[PlyCount "30"]
[EventDate "2018.??.??"]
[WhiteClock "1:30:00"]
[BlackClock "1:31:00"]

1. e4 e6 2. Nf3 c5 3. d3 Nc6 4. Nbd2 d5 5. g3 Nf6 6. Bg2 b6 7. O-O Be7 8. Re1
Bb7 9. e5 Nd7 10. c3 Rc8 11. h3 Qc7 12. Qe2 b5 13. Nf1 b4 14. h4 Nb6 15. Bf4
bxc3 1/2-1/2

[Event "CRO Ch seniors"]
[Site "Malinska"]
[Date "2018.11.05"]
[Round "3.1"]
[White "Dusper, Hrvoje"]
[Black "Fucak, Emilio Milko"]
[Result "1/2-1/2"]
[WhiteElo "2201"]
[BlackElo "2199"]
[PlyCount "83"]
[EventDate "2018.??.??"]
[WhiteClock "1:30:00"]
[BlackClock "1:30:00"]

1. c4 e6 2. d4 Nf6 3. Nf3 b6 4. g3 Ba6 5. b3 Bb4+ 6. Bd2 Be7 7. Bg2 O-O 8. O-O
d5 9. Ne5 c6 10. Bc3 Qc7 11. Nd2 Rd8 12. Re1 Nbd7 13. Nxd7 Rxd7 14. Qc2 Rc8 15.
e4 Bb7 16. Qb2 a5 17. Rac1 b5 18. e5 Ng4 19. cxb5 cxb5 20. Nf3 Qd8 21. Bd2 Bb4
22. Rxc8 Qxc8 23. Rc1 Rc7 24. Rxc7 Qxc7 25. Qc1 Qxc1+ 26. Bxc1 Bc3 27. Bf1 Bc6
28. h3 Nh6 29. Bxh6 gxh6 30. Bd3 h5 31. Kf1 Kg7 32. Ke2 Be8 33. Ke3 h6 34. Ng1
f6 35. Ne2 Bb2 36. f4 f5 37. Kd2 Ba3 38. Nc3 Bb4 39. Kc2 Bxc3 40. Kxc3 b4+ 41.
Kd2 Bg6 42. h4 1/2-1/2

[Event "CRO Ch seniors"]
[Site "Malinska"]
[Date "2018.11.05"]
[Round "3.2"]
[White "Mravunac, Damir"]
[Black "Josipovic, Perica"]
[Result "1-0"]
[WhiteElo "2196"]
[BlackElo "2131"]
[PlyCount "69"]
[EventDate "2018.??.??"]
[WhiteClock "1:30:00"]
[BlackClock "1:30:00"]

1. Nf3 d5 2. b3 Nf6 3. Bb2 c6 4. g3 e6 5. Bg2 Be7 6. c4 O-O 7. O-O Ne4 8. Qc2
Nd7 9. d3 Nd6 10. e4 dxe4 11. dxe4 Qc7 12. Nbd2 Ne8 13. e5 a5 14. Ne4 c5 15.
Nfg5 g6 16. f4 Ra6 17. h4 a4 18. h5 Ng7 19. hxg6 fxg6 20. g4 Rd8 21. Rad1 Rf8
22. Rxd7 Bxd7 23. Nf6+ Bxf6 24. exf6 axb3 25. Qc3 Be8 26. f5 gxf5 27. fxg7 Rf7
28. Nxf7 Bxf7 29. axb3 fxg4 30. Be4 Ra8 31. Kg2 Rd8 32. Bxh7+ Kxh7 33. Rh1+ Bh5
34. Qc2+ Kh6 35. Rxh5+ 1-0

[Event "CRO Ch seniors"]
[Site "Malinska"]
[Date "2018.11.05"]
[Round "3.3"]
[White "Martic, Zlatko"]
[Black "Brigljevic, Milan"]
[Result "1-0"]
[WhiteElo "2267"]
[BlackElo "2161"]
[PlyCount "87"]
[EventDate "2018.??.??"]
[WhiteClock "1:24:00"]
[BlackClock "1:30:00"]

1. e4 c5 2. Nf3 e6 3. d4 cxd4 4. Nxd4 Nc6 5. Nc3 a6 6. Be2 Qc7 7. O-O Nf6 8. a3
Nxd4 9. Qxd4 Bc5 10. Qd3 O-O 11. Kh1 Rd8 12. Bg5 Be7 13. f4 d5 14. e5 Ne8 15.
Bxe7 Qxe7 16. Rad1 Bd7 17. Qg3 f5 18. exf6 Nxf6 19. Bd3 Rac8 20. Qh4 Qe8 21.
Ne2 Qh5 22. Qg3 Re8 23. Nd4 e5 24. fxe5 Rxe5 25. Rde1 Rce8 26. Rxe5 Qxe5 27.
Qxe5 Rxe5 28. Kg1 Re8 29. h3 Ne4 30. Re1 Nd6 31. Rxe8+ Nxe8 32. Kf2 g6 33. Ke3
Nc7 34. Kf4 Kf7 35. Ke5 Ke7 36. h4 Bg4 37. Ne2 Be6 38. Nf4 Bf7 39. g4 Be8 40.
Nxd5+ Nxd5 41. Kxd5 Bc6+ 42. Ke5 b5 43. b4 Bd7 44. g5 1-0

[Event "CRO Ch seniors"]
[Site "Malinska"]
[Date "2018.11.05"]
[Round "3.4"]
[White "Kostanjsek, Zorko"]
[Black "Sulc, Damir"]
[Result "0-1"]
[WhiteElo "2156"]
[BlackElo "2212"]
[PlyCount "116"]
[EventDate "2018.??.??"]
[WhiteClock "1:27:00"]
[BlackClock "1:30:00"]

1. e4 c5 2. Nf3 d6 3. c3 Nf6 4. d3 g6 5. g3 Bg7 6. Bg2 O-O 7. O-O Nc6 8. Re1 e5
9. h3 h6 10. d4 cxd4 11. cxd4 exd4 12. Nxd4 Nxd4 13. Qxd4 Be6 14. Qd1 d5 15. e5
Ne4 16. Bxe4 dxe4 17. Nc3 Qxd1 18. Nxd1 Bxe5 19. Bxh6 Rfe8 20. Rxe4 Bxh3 21.
Nc3 Bf5 22. Ree1 Bd7 23. Kg2 Bc6+ 24. f3 f5 25. Rad1 Kf7 26. Bg5 Bg7 27. Rxe8
Rxe8 28. Kf2 a6 29. Rd2 Bf8 30. Be3 Bg7 31. a3 Bf6 32. Ne2 Rh8 33. Kg2 g5 34.
Nd4 Bd7 35. Ne2 Bc6 36. Ng1 g4 37. Bf4 Rd8 38. Rxd8 Bxd8 39. Be5 Bb6 40. Bc3
Ke6 41. b3 Be3 42. Bg7 Bd5 43. Bf8 Kd7 44. b4 Kc6 45. a4 Bb3 46. fxg4 fxg4 47.
b5+ axb5 48. axb5+ Kxb5 49. Ne2 Bd5+ 50. Kh2 Kc4 51. Bg7 b5 52. Nf4 Bf3 53. Ng2
Bd2 54. Kg1 Bxg2 55. Kxg2 b4 56. Kf2 Kd3 57. Bf8 b3 58. Ba3 Bb4 0-1

[Event "CRO Ch seniors"]
[Site "Malinska"]
[Date "2018.11.05"]
[Round "3.5"]
[White "Samblic, Silvano"]
[Black "Ivanovic, Zeljko"]
[Result "1-0"]
[WhiteElo "2018"]
[BlackElo "2004"]
[PlyCount "87"]
[EventDate "2018.??.??"]
[WhiteClock "1:29:00"]
[BlackClock "1:30:00"]

1. e4 e5 2. Nf3 Nc6 3. Bc4 Nf6 4. d3 Be7 5. Nc3 d6 6. h3 O-O 7. Bg5 Na5 8. Qd2
Nxc4 9. dxc4 Be6 10. b3 Nd7 11. g4 a5 12. a4 Bxg5 13. Nxg5 Nc5 14. O-O-O Qf6
15. Qe3 Rad8 16. Nb5 Rd7 17. Nf3 b6 18. g5 Qg6 19. Nc3 f5 20. Nh4 Qh5 21. exf5
Qxh4 22. fxe6 Nxe6 23. Ne4 Rf4 24. Rde1 Rdf7 25. g6 hxg6 26. Rhg1 Rf3 27. Qd2
R7f4 28. Qd5 Kf8 29. Nxd6 cxd6 30. Qxe6 Rf6 31. Qc8+ Kf7 32. Qb7+ Kg8 33. Qxb6
Qf4+ 34. Kb1 Rxf2 35. Qxa5 Qd4 36. Qa8+ Kh7 37. Rg4 R6f4 38. Qe8 Rxg4 39. hxg4
Rh2 40. Qc6 Qxg4 41. Qxd6 Qf5 42. Qd3 Qg5 43. Qe4 Qd2 44. Rg1 1-0

[Event "CRO Ch seniors"]
[Site "Malinska"]
[Date "2018.11.05"]
[Round "3.6"]
[White "Mandekic, Ivan"]
[Black "Sulc, Gordana"]
[Result "1-0"]
[WhiteElo "2232"]
[BlackElo "1856"]
[PlyCount "53"]
[EventDate "2018.??.??"]
[WhiteClock "1:29:00"]
[BlackClock "1:30:00"]

1. c4 Nf6 2. g3 e6 3. Bg2 c5 4. Nf3 Nc6 5. O-O d6 6. d4 cxd4 7. Nxd4 Nxd4 8.
Qxd4 h6 9. Nc3 a5 10. b3 Be7 11. Ba3 O-O 12. Rad1 Ra6 13. e4 e5 14. Qe3 Qb6 15.
Qe2 Bg4 16. Bf3 Be6 17. Rd2 Rd8 18. Rfd1 Rd7 19. Kg2 Qd8 20. h3 Rc6 21. Kh2 Qb8
22. Bg2 b6 23. Nb5 Bf8 24. Qe3 Ne8 25. f4 exf4 26. gxf4 f6 27. Nd4 1-0

[Event "CRO Ch seniors"]
[Site "Malinska"]
[Date "2018.11.05"]
[Round "3.7"]
[White "Deris, Antun"]
[Black "Causevic, Miro"]
[Result "1-0"]
[WhiteElo "1979"]
[BlackElo "1689"]
[PlyCount "53"]
[EventDate "2018.??.??"]
[WhiteClock "1:30:00"]
[BlackClock "1:30:00"]

1. e4 c5 2. Nf3 Nc6 3. d4 cxd4 4. Nxd4 d6 5. Nc3 g6 6. Bc4 Bg7 7. Be3 Nf6 8.
O-O O-O 9. h3 Bd7 10. Qd2 Qc8 11. Nxc6 bxc6 12. Bh6 Bxh3 13. gxh3 Qxh3 14. Bf4
h5 15. Qe3 Qc8 16. Qg3 Ng4 17. Be2 Bd4 18. Bxg4 hxg4 19. Rad1 Bg7 20. Kg2 f5
21. e5 d5 22. Rh1 Kf7 23. Bh6 Qe6 24. Bxg7 Kxg7 25. Ne2 Rh8 26. Nf4 Qxe5 27.
Nh5+ 1-0

[Event "CRO Ch seniors"]
[Site "Malinska"]
[Date "2018.11.06"]
[Round "4.1"]
[White "Sulc, Damir"]
[Black "Mravunac, Damir"]
[Result "1-0"]
[WhiteElo "2212"]
[BlackElo "2196"]
[PlyCount "139"]
[EventDate "2018.??.??"]

1. e4 c5 2. Nf3 a6 3. c4 d6 4. d4 cxd4 5. Nxd4 g6 6. Nc3 Bg7 7. Be3 Nf6 8. Be2
O-O 9. O-O Qc7 10. Rc1 e6 11. Qd2 Nc6 12. Rfd1 Nxd4 13. Bxd4 Ne8 14. Na4 Bxd4
15. Qxd4 e5 16. Qe3 Be6 17. c5 Qe7 18. b3 dxc5 19. Qxc5 Qg5 20. Nb6 Rd8 21. g3
Rxd1+ 22. Rxd1 Ng7 23. f4 Qf6 24. Qxe5 Qxe5 25. fxe5 Re8 26. Nd7 Rc8 27. Nf6+
Kf8 28. Nxh7+ Ke7 29. Rd2 Rc5 30. Nf6 Rxe5 31. Ng8+ Ke8 32. Bf3 Rc5 33. Kf2 a5
34. Ke3 f5 35. Nf6+ Ke7 36. Nd5+ Bxd5 37. exd5 Kd6 38. Kf4 Rc3 39. Bg2 a4 40.
bxa4 Rc4+ 41. Kg5 Rg4+ 42. Kh6 Ne8 43. Bf3 Rxa4 44. Kxg6 f4 45. g4 Ra3 46. Bd1
Rh3 47. Kg5 f3 48. Rf2 Kxd5 49. Bxf3+ Ke6 50. Bxb7 Nd6 51. Bc6 Nf7+ 52. Kf4 Kf6
53. g5+ Kg7 54. Kg4 Rd3 55. Be4 Rd4 56. Re2 Nd6 57. Kf4 Ra4 58. h4 Nxe4 59.
Rxe4 Rxa2 60. h5 Rf2+ 61. Kg4 Rg2+ 62. Kf5 Rf2+ 63. Kg4 Rg2+ 64. Kf4 Rf2+ 65.
Kg3 Rf5 66. Kg4 Rf7 67. h6+ Kg8 68. Kh5 Rb7 69. Re8+ Kf7 70. h7 1-0

[Event "CRO Ch seniors"]
[Site "Malinska"]
[Date "2018.11.06"]
[Round "4.2"]
[White "Fucak, Emilio Milko"]
[Black "Martic, Zlatko"]
[Result "1/2-1/2"]
[WhiteElo "2199"]
[BlackElo "2267"]
[PlyCount "27"]
[EventDate "2018.??.??"]

1. c4 Nf6 2. Nc3 g6 3. g3 Bg7 4. Bg2 O-O 5. e4 d6 6. Nge2 c5 7. d3 Nc6 8. h3
Ne8 9. Be3 Nc7 10. Qd2 Ne6 11. Bh6 Ned4 12. Bxg7 Kxg7 13. Nxd4 Nxd4 14. Ne2
1/2-1/2

[Event "CRO Ch seniors"]
[Site "Malinska"]
[Date "2018.11.06"]
[Round "4.3"]
[White "Samblic, Silvano"]
[Black "Dusper, Hrvoje"]
[Result "0-1"]
[WhiteElo "2018"]
[BlackElo "2201"]
[PlyCount "80"]
[EventDate "2018.??.??"]

1. e4 d5 2. exd5 Nf6 3. d4 Bg4 4. Nf3 Qxd5 5. Be2 Nc6 6. c4 Qd7 7. Be3 e6 8.
Nc3 Bb4 9. O-O O-O 10. Ne5 Nxe5 11. dxe5 Qxd1 12. Bxd1 Bxc3 13. bxc3 Bxd1 14.
exf6 Be2 15. fxg7 Kxg7 16. Rfb1 b6 17. c5 b5 18. Re1 Bc4 19. Bf4 Rac8 20. a4 a6
21. Red1 f6 22. a5 e5 23. Be3 Rcd8 24. f4 Kf7 25. Kf2 Ke6 26. g4 Rd3 27. Rxd3
Bxd3 28. Rd1 e4 29. Bd4 h5 30. h3 Kd5 31. Rg1 b4 32. Ke3 b3 33. Rg2 hxg4 34.
hxg4 Kc4 35. f5 Bc2 36. Kd2 Re8 37. g5 e3+ 38. Bxe3 Bxf5 39. Rf2 b2 40. Rf4+
Be4 0-1

[Event "CRO Ch seniors"]
[Site "Malinska"]
[Date "2018.11.06"]
[Round "4.4"]
[White "Brigljevic, Milan"]
[Black "Mandekic, Ivan"]
[Result "1/2-1/2"]
[WhiteElo "2161"]
[BlackElo "2232"]
[PlyCount "122"]
[EventDate "2018.??.??"]

1. d4 Nf6 2. Nf3 e6 3. e3 c5 4. Bd3 b6 5. O-O Bb7 6. b3 d5 7. Bb2 Nc6 8. Ne5
Bd6 9. Nd2 O-O 10. a3 Rc8 11. Qe2 Ne7 12. Rac1 Ng6 13. Nxg6 hxg6 14. dxc5 Rxc5
15. b4 Rc7 16. c4 Qb8 17. h3 Rfc8 18. cxd5 Rxc1 19. Rxc1 Rxc1+ 20. Bxc1 Nxd5
21. Nc4 Be7 22. Bb2 Bf6 23. Bxf6 Nxf6 24. Qd2 Qc7 25. Bf1 Bd5 26. Qd4 Ne4 27.
Bd3 Nf6 28. Qe5 Qc8 29. Qd4 Qc6 30. Bf1 Qa4 31. Nd6 Qc2 32. f3 Qc6 33. Nb5 Qb7
34. e4 Bc6 35. Qd8+ Ne8 36. Nd6 Qd7 37. Qxd7 Bxd7 38. Nxe8 Bxe8 39. e5 g5 40.
g3 f6 41. Bc4 Kf7 42. f4 gxf4 43. gxf4 Bd7 44. Kf2 Kg6 45. Bd3+ Kh5 46. Kg3
fxe5 47. fxe5 g5 48. Bc4 a5 49. b5 a4 50. Be2+ Kh6 51. h4 gxh4+ 52. Kxh4 Be8
53. Bc4 Bd7 54. Kg4 Kg6 55. Bd3+ Kh6 56. Be2 Kg6 57. Kf4 Kh6 58. Bc4 Kg6 59.
Kg4 Kh6 60. Bd3 Be8 61. Kh4 Bd7 1/2-1/2

[Event "CRO Ch seniors"]
[Site "Malinska"]
[Date "2018.11.06"]
[Round "4.5"]
[White "Josipovic, Perica"]
[Black "Deris, Antun"]
[Result "1/2-1/2"]
[WhiteElo "2131"]
[BlackElo "1979"]
[PlyCount "175"]
[EventDate "2018.??.??"]

1. d4 Nf6 2. Nf3 g6 3. c3 d5 4. Bg5 Bg7 5. Nbd2 O-O 6. e3 Nbd7 7. Be2 c6 8. O-O
Re8 9. Qc2 e5 10. dxe5 Nxe5 11. Nxe5 Rxe5 12. Nf3 Re8 13. h3 Qb6 14. Bxf6 Bxf6
15. Rab1 Bd7 16. Rfd1 Rad8 17. Nh2 Be6 18. Bg4 Qc7 19. Bxe6 Rxe6 20. Nf3 Qe7
21. Rd3 Red6 22. Rbd1 Qe6 23. Qa4 a6 24. Qb4 R6d7 25. Qa5 Qe4 26. Qb6 Re8 27.
Kf1 Qc4 28. b3 Qb5 29. Qxb5 axb5 30. c4 bxc4 31. bxc4 Ra8 32. R1d2 Ra4 33. cxd5
Rxd5 34. Rxd5 cxd5 35. Ke2 Kf8 36. Kd1 Ke7 37. Ne1 Ke6 38. Nd3 Ra5 39. Nf4+ Ke5
40. Ke2 g5 41. Nd3+ Kd6 42. Kf3 h5 43. Ke2 b5 44. h4 Ra4 45. hxg5 Bxg5 46. Rb2
Ra5 47. Kf3 Bf6 48. Rd2 b4 49. Rc2 Bc3 50. Nc1 Ke5 51. g3 Ra6 52. Nd3+ Kf5 53.
Nf4 d4 54. exd4 Bxd4 55. Nd5 Ra3+ 56. Kg2 b3 57. axb3 Rxb3 58. Re2 Rb5 59. Ne7+
Kf6 60. Re4 Bb6 61. Nc6 Rc5 62. Rf4+ Kg7 63. Nd4 Kg6 64. Nf3 Bd8 65. Kh3 Bc7
66. Ra4 Rc2 67. Ra7 Rc5 68. Ra6+ f6 69. Nh4+ Kf7 70. f4 Rc3 71. Ra7 Ke6 72. Ng2
Rc1 73. Ra6+ Ke7 74. Nh4 Kf7 75. Ra3 Rh1+ 76. Kg2 Rc1 77. Rd3 Ke6 78. Rb3 Rc2+
79. Kh3 Rc1 80. Rb5 Rc3 81. Ng2 f5 82. Nh4 Bxf4 83. Nxf5 Be5 84. Nd4+ Bxd4 85.
Rxh5 Be5 86. Rg5 Kf6 87. Rg4 Kf5 88. Rg8 1/2-1/2

[Event "CRO Ch seniors"]
[Site "Malinska"]
[Date "2018.11.06"]
[Round "4.6"]
[White "Ivanovic, Zeljko"]
[Black "Kostanjsek, Zorko"]
[Result "1/2-1/2"]
[WhiteElo "2004"]
[BlackElo "2156"]
[PlyCount "100"]
[EventDate "2018.??.??"]

1. e4 {[%emt 0:00:07]} d6 {[%emt 0:00:07]} 2. d4 {[%emt 0:00:07]} Nf6 3. Nc3 e5
4. dxe5 dxe5 5. Qxd8+ Kxd8 6. Bc4 Ke8 7. Nge2 Bc5 8. Bg5 Nbd7 9. f3 a6 10.
O-O-O h6 11. Bh4 c6 12. Rhf1 b5 13. Bb3 Rf8 14. Bg3 a5 15. a4 Be3+ 16. Kb1 b4
17. Na2 Ba6 18. Rfe1 Nh5 19. Nec1 Bb6 20. Rd6 Nxg3 21. hxg3 Rc8 22. Red1 Nc5
23. c3 Nxb3 24. Nxb3 bxc3 25. Nxc3 Bc4 26. Nd2 Be6 27. f4 exf4 28. gxf4 Bc5 29.
Rd3 f6 30. f5 Bg8 31. Nf3 Bb3 32. R1d2 Rf7 33. e5 Bc4 34. Ne4 Bxd3+ 35. Rxd3
Bb4 36. e6 Rb7 37. Rb3 Rcc7 38. Nfd2 Be7 39. Rg3 Bf8 40. Nc4 Rb4 41. b3 Rxc4
42. bxc4 Rb7+ 43. Kc2 Rb4 44. Rb3 Rxc4+ 45. Kd3 Rb4 46. Rxb4 Bxb4 47. g4 Ke7
48. Ng3 Kd8 49. Nh5 Bf8 50. Kc4 Kc7 1/2-1/2